| 000 | 00991nam a2200241Ia 4500 | ||
|---|---|---|---|
| 003 | Ost | ||
| 005 | 20260507075402.0 | ||
| 008 | 260507s9999||||xx |||||||||||||| ||und|| | ||
| 020 | _a98973299579 | ||
| 040 | _cfsecg | ||
| 041 | _aara | ||
| 082 | _a0 | ||
| 100 |
_aالمجالي، دميثان _eمؤلف |
||
| 245 | 0 |
_aنظم قواعد البيانات / _c دميثان المجالي |
|
| 260 |
_aعمان: _bدار الحامد للنشر والتوزيع, _c2015 |
||
| 300 |
_a167 صفحة؛ _bإيضاحات ؛ _c25 سم |
||
| 504 | _aالمراجع ص.165 | ||
| 520 | _aهيكلية نظام إدارة قواعد البيانات ومكوناته ، نظام المعلومات الإدارية ، تحيليل وتصميم أنظمة المعلومات ، نظم المعلومات الإدارية و التسويقية | ||
| 653 | _aالبرمجة | ||
| 653 | _aقواعد البيانات | ||
| 653 | _aنظم المعلومات الإدارية | ||
| 942 | _cكتاب | ||
| 999 |
_c44280 _d44280 |
||